The Forever Purge / directed by Everardo Valerio Gout ; written by James DeMonaco ; produced by Jason Blum, Michael Bay, Andrew Form, Brad Fuller, Sébastien K. Lemercier, James DeMonaco. (Record no. 20959)

000 -LEADER
fixed length control field 01336nam a2200301 4500
008 - FIXED-LENGTH DATA ELEMENTS--GENERAL INFORMATION
fixed length control field 250528b xxu||||| |||| 00| 0 eng d
082 ## - DEWEY DECIMAL CLASSIFICATION NUMBER
Classification number 791.4372
Item number T3403 2021
245 ## - TITLE STATEMENT
Title The Forever Purge / directed by Everardo Valerio Gout ; written by James DeMonaco ; produced by Jason Blum, Michael Bay, Andrew Form, Brad Fuller, Sébastien K. Lemercier, James DeMonaco.
260 ## - PUBLICATION, DISTRIBUTION, ETC. (IMPRINT)
Place of publication, distribution, etc United States :
Name of publisher, distributor, etc Universal Pictures,
Date of publication, distribution, etc 2021.
300 ## - PHYSICAL DESCRIPTION
Extent 1 videofile (ca. 103 mins.)
Other physical details sound, color.
520 ## - SUMMARY, ETC.
Summary, etc The rules are all broken as the annual Purge continues even after the holiday ends. A group of survivors in Texas must find a way to get across the Mexican border and makes it out alive while the whole country around them springs into complete chaos.
521 ## - TARGET AUDIENCE NOTE
Target audience note Rated R for strong/bloody violence, and language throughout.
650 ## - SUBJECT ADDED ENTRY--TOPICAL TERM
Topical term or geographic name as entry element Action.
650 ## - SUBJECT ADDED ENTRY--TOPICAL TERM
Topical term or geographic name as entry element Crime.
650 ## - SUBJECT ADDED ENTRY--TOPICAL TERM
Topical term or geographic name as entry element Horror.
650 ## - SUBJECT ADDED ENTRY--TOPICAL TERM
Topical term or geographic name as entry element Thriller.
700 ## - ADDED ENTRY--PERSONAL NAME
Personal name Reguera, Ana de la, star.
700 ## - ADDED ENTRY--PERSONAL NAME
Personal name Huerta, Tenoch, star.
700 ## - ADDED ENTRY--PERSONAL NAME
Personal name Freeman, Cassidy, star.
700 ## - ADDED ENTRY--PERSONAL NAME
Personal name Rambin, Leven, star.
700 ## - ADDED ENTRY--PERSONAL NAME
Personal name Lucas, Josh, star.
700 ## - ADDED ENTRY--PERSONAL NAME
Personal name Patton, Will, star.
700 ## - ADDED ENTRY--PERSONAL NAME
Personal name Sansans, Luis, cinematographer.
700 ## - ADDED ENTRY--PERSONAL NAME
Personal name Miller, Todd E., editor.
700 ## - ADDED ENTRY--PERSONAL NAME
Personal name Tabaillon, Vincent, editor.
700 ## - ADDED ENTRY--PERSONAL NAME
Personal name Alverson, Tim, editor.
942 ## - ADDED ENTRY ELEMENTS (KOHA)
Source of classification or shelving scheme
Item type Audio-Visual Materials
Holdings
Source of acquisition Price effective from Permanent location Date last seen Not for loan Date acquired Source of classification or shelving scheme Koha item type Damaged status Lost status Shelving location Withdrawn status Current location Full call number
Donation2025-05-28Cagayan State University - Carig Library2025-05-28 2025-05-28 Audio-Visual Materials  E-Resource Section Cagayan State University - Carig Library791.4372 T3403 2021

Cagayan State University University Library, Carig Campus
Tuguegarao City, Cagayan 3500 | www.csucarig.edu.ph

Powered by Koha